PENGANGKUTAN

Bibliographic Details
Main Authors: Tuan Mohd. Fadlan Tuan Jaafar (Author), Arbaeyah Hassan (Author)
Format: Book
Language:Malay
Published: Shah Alam, Selangor : JUMEIRAH TRADING [2022?]
Series:Siri bijak sains pintar Jawi
Subjects:

MARC

LEADER 00000cam a2200000 7i4500
001 0000145143
005 20220809.0
008 220809s2022 my a xb k may
020 |a 9789672350064 (set) 
020 |a 9789672350149 
040 |a PERPUSTAM   |b eng   |c PERPUSTAM   |e rda 
090 0 0 |a J 499.2311   |b TMF 
100 0 |a Tuan Mohd. Fadlan Tuan Jaafar ,   |e author 
245 1 0 |a PENGANGKUTAN   |c Tuan Mohd. Fadlan Tuan Jaafar, Arbaeyah Hassan 
264 1 |a Shah Alam, Selangor :   |b JUMEIRAH TRADING   |c [2022?] 
300 |a 16 pages :   |b colour illustrations ;   |c 26 cm. 
336 |a text  |2 rdacontent 
337 |a unmediated  |2 rdamedia 
338 |a volume  |2 rdacarrier 
490 1 |a Siri Bijak Sains Pintar Jawi 
500 |a Includes questions and exercises 
546 |a Text in Jawi script 
650 1 0 |a Jawi alphabet   |x Reading 
650 2 0 |a Children's stories, Malay 
700 0 |a Arbaeyah Hassan ,   |e author 
830 0 |a Siri bijak sains pintar Jawi 
999 |a 0000734021   |b Buku   |c Koleksi Pinjaman Kanak-Kanak   |e Perbadanan Perpustakaan Awam Melaka 
999 |a 0000734022   |b Buku   |c Koleksi Pinjaman Kanak-Kanak   |e Perbadanan Perpustakaan Awam Melaka 
999 |a 0000734023   |b Buku   |c Koleksi Pinjaman Kanak-Kanak   |e Perbadanan Perpustakaan Awam Melaka 
999 |a 0000734024   |b Buku   |c Koleksi Pinjaman Kanak-Kanak   |e Perpustakaan Cawangan Jasin 
999 |a 0000734025   |b Buku   |c Koleksi Pinjaman Kanak-Kanak   |e Perpustakaan Cawangan Masjid Tanah 
999 |a 0000734026   |b Buku   |c Koleksi Pinjaman Kanak-Kanak   |e Perpustakaan Cawangan Merlimau 
999 |a 0000734027   |b Buku   |c Koleksi Pinjaman Kanak-Kanak   |e Perpustakaan Komuniti UTC Melaka 
999 |a 0000734028   |b Buku   |c Koleksi Pinjaman Kanak-Kanak   |e Perbadanan Perpustakaan Awam Melaka 
999 |a 0000734029   |b Buku   |c Koleksi Pinjaman Kanak-Kanak   |e Perbadanan Perpustakaan Awam Melaka 
999 |a 0000734030   |b Buku   |c Koleksi Pinjaman Kanak-Kanak   |e Perbadanan Perpustakaan Awam Melaka 
999 |a 0000734031   |b Buku   |c Koleksi Pinjaman Kanak-Kanak   |e Perbadanan Perpustakaan Awam Melaka